Giáo trình quản trị logistics Dùng cho ngành kinh tế và quản trị kinh doanh

Trình bày những vấn đề chung về logistics. Quản trị logistics doanh nghiệp. Cơ sở của quản trị logistics. Quản trị nhu cầu. Quản trị dự trữ. Quản trị kho hàng hoá. Quản trị dịch vụ giao nhận hàng hoá...

Saved in:
Bibliographic Details
Main Author: Đặng, Đình Đào
Other Authors: Trần, Văn Bão
Format: Book
Language:Undetermined
Published: H. Tài chính 2018
Subjects:
Online Access:http://lrc.tdmu.edu.vn/opac/search/detail.asp?aID=2&ID=39574
Tags: Add Tag
No Tags, Be the first to tag this record!
Institutions: Trung tâm Học liệu Trường Đại học Thủ Dầu Một
LEADER 01079nam a2200229Ia 4500
001 TDMU_39574
008 210410s9999 xx 000 0 und d
082 |a 362.8292 
090 |b Đ116 
100 |a Đặng, Đình Đào 
245 0 |a Giáo trình quản trị logistics 
245 0 |b Dùng cho ngành kinh tế và quản trị kinh doanh 
245 0 |c Đặng Đình Đào, Trần Văn Bão, Phạm Cảnh Huy, Đặng Thị Thúy Hồng 
260 |a H. 
260 |b Tài chính 
260 |c 2018 
300 |a 311tr. 
520 |a Trình bày những vấn đề chung về logistics. Quản trị logistics doanh nghiệp. Cơ sở của quản trị logistics. Quản trị nhu cầu. Quản trị dự trữ. Quản trị kho hàng hoá. Quản trị dịch vụ giao nhận hàng hoá... 
650 |a Quản trị  |x Logistics 
700 |a Trần, Văn Bão 
856 |u http://lrc.tdmu.edu.vn/opac/search/detail.asp?aID=2&ID=39574 
980 |a Trung tâm Học liệu Trường Đại học Thủ Dầu Một